| 000 | 00729nam a2200229 i 4500 | ||
|---|---|---|---|
| 001 | 185985 | ||
| 003 | SpMaBN | ||
| 005 | 20230906222546.0 | ||
| 008 | 160901s1974 sp cf |||| |aspa d | ||
| 020 | _a84-379-0011-5 | ||
| 080 | _a929 Erauso, Catalina de | ||
| 100 | 1 |
_aErauso, Catalina de. _947355 |
|
| 245 | 1 | 0 |
_aMemorias de la monja alférez / _cCatalina de Erauso. |
| 250 | _a1ª ed. | ||
| 260 |
_aMadrid : _bFelmar, _c1974. |
||
| 300 |
_a[1] h. de lám. retr., [1] h., 150 p. ; _c17 cm. |
||
| 490 | 1 |
_aLa fontana literaria ; _v19 |
|
| 600 | 1 | 4 |
_aErauso, Catalina de. _947355 |
| 830 | 0 |
_aLa fontana literaria ; _v19 _9182334 |
|
| 852 |
_aES-MaACL _jL-30597 _z. - Donat. Miguel A. Velasco |
||
| 999 |
_c185985 _d185985 |
||